There's no gain without some pain (Record no. 76430)
[ view plain ]
| 000 -LEADER | |
|---|---|
| fixed length control field | 01315cab a2200241 4500 |
| 001 - CONTROL NUMBER | |
| control field | ##L132419 |
| 008 - FIXED-LENGTH DATA ELEMENTS--GENERAL INFORMATION | |
| fixed length control field | 060206n2006 000 0 eng u |
| 035 ## - SYSTEM CONTROL NUMBER | |
| System control number | (Sirsi) u132419 |
| 041 0# - LANGUAGE CODE | |
| Language code of text/sound track or separate title | eng |
| 100 1# - MAIN ENTRY--PERSONAL NAME | |
| Personal name | Goodrich, Leonard |
| 245 00 - TITLE STATEMENT | |
| Title | There's no gain without some pain |
| 260 ## - PUBLICATION, DISTRIBUTION, ETC. | |
| Date of publication, distribution, etc. | 2006 |
| 490 #0 - SERIES STATEMENT | |
| Series statement | Estates Gazette |
| Volume/sequential designation | (0604) 28 January 2006, 162-163(2) |
| 520 ## - SUMMARY, ETC. | |
| Summary, etc. | Government views the UK development control system as being of pivotal importance. The recent Planning Gain Supplement consultation (L132415) and the appointment of Kate Barker to review the land planning system (L132361) underline this. Re-examines Town and Country Planning Act 1990 s106 planning agreements in this context, considers the potential pitfalls of the s106 process and the need not to underestimate the complexity of planning obligations. Although the introduction of a PGS may simplify the process, concludes that s106 agreements will still be required. |
| 590 ## - LOCAL NOTE (RLIN) | |
| Local note | IKA140206 |
| 650 24 - SUBJECT ADDED ENTRY--TOPICAL TERM | |
| Topical term or geographic name entry element | TOWN AND COUNTRY PLANNING ACT 1971 S51 |
| 650 24 - SUBJECT ADDED ENTRY--TOPICAL TERM | |
| Topical term or geographic name entry element | TOWN AND COUNTRY PLANNING ACT 1990 S106 |
| 650 24 - SUBJECT ADDED ENTRY--TOPICAL TERM | |
| Topical term or geographic name entry element | PLANNING GAIN SUPPLEMENT |
| 650 24 - SUBJECT ADDED ENTRY--TOPICAL TERM | |
| Topical term or geographic name entry element | TOWN AND COUNTRY PLANNING ACT 1990 S106 |
| 690 ## - LOCAL SUBJECT ADDED ENTRY--TOPICAL TERM (OCLC, RLIN) | |
| Topical term or geographic name as entry element | ENVIRONMENTAL AND LAND CONSULTANCY-PLANNING AND DEVELOPMENT-PLANNING REFORM |
| 700 1# - ADDED ENTRY--PERSONAL NAME | |
| Personal name | Collins, Tony |
| 942 ## - ADDED ENTRY ELEMENTS (KOHA) | |
| Suppress in OPAC | 0 |
| Withdrawn status | Lost status | Source of classification or shelving scheme | Damaged status | Not for loan | Home library | Current library | Shelving location | Date acquired | Total Checkouts | Full call number | Barcode | Date last seen | Copy number | Price effective from | Koha item type |
|---|---|---|---|---|---|---|---|---|---|---|---|---|---|---|---|
| Dewey Decimal Classification | London | London | Journal article | 06/02/2006 | L132419 | 132419-1001 | 06/08/2019 | 1 | 06/08/2019 | Journal article |